Harmonization of forest policies in the ASEAN region : fellowship report

Bibliographic Details
Main Author: OLIVA
Corporate Author: ASEAN Institute of Forest Management (AIFM)
Format: Book
Published: Kuala Lumpur : ASEAN Institute of Forest Management , 1988
Subjects:

MARC

LEADER 00000cam a2200000 7i4500
001 0000002178
005 20030320.0
090 0 0 |a 634.920959   |b OLI 1988 
100 1 0 |a OLIVA   |h Roberto V. 
245 1 0 |a Harmonization of forest policies in the ASEAN region :   |b fellowship report   |c prepared by Roberto V. Oliva 
260 0 0 |a Kuala Lumpur :   |b ASEAN Institute of Forest Management ,   |c 1988 
300 |a Various pagings ;   |c 30 cm. 
500 0 0 |a Includes bibliographical references 
650 0 0 |a Forest management   |z Asia, Southeastern 
650 0 0 |a Forest policy   |z Asia, Southeastern 
650 0 0 |a Forests and forestry   |z Asia, Southeastern 
710 1 1 |a ASEAN Institute of Forest Management (AIFM) 
998 |a JPSM 
999 |a 0000003248   |b Monograph   |c Open Shelf   |e Default branch 
999 |a 0000003669   |b Monograph   |c Open Shelf   |e Default branch